Score 0/20 Timer 03:00
4 Plays Today
% Correct
American
92.5%
Greek
87.6%
Italian
86.4%
French
79.7%
Russia
73%
Scotland
69.5%
China
67.7%
Vietnam
64%
India
60.2%
Brazil
55.2%
% Correct
Mexico
54.6%
Maltese
51.3%
Kazakhstan
48.5%
Egypt
47%
Japan
46.3%
Rwanda
40.8%
Madagascar
38.3%
Jamaica
38.1%
Panama
33.5%
Singapore
20.4%

You're not logged in!

Compare scores with friends on all Sporcle quizzes.
OR
Log In

Sporcle TV

Today on Sporcle TV


Watch our educational content, quiz creation guides, and fun videos on Sporcle TV.

Show Comments

Extras

Top Quizzes Today


Score Distribution

Paid Content

Your Account Isn't Verified!

In order to create a playlist on Sporcle, you need to verify the email address you used during registration. Go to your Sporcle Settings to finish the process.

Report this User

Report this user for behavior that violates our Community Guidelines.

Details: